College Football Teams by State with Exceptions - Statistics

General Stats
  • This quiz has been taken 13 times
  • The average score is 20 of 24
Answers on the Map
Answers color-coded by a green-red scale on the quiz's map according to % correct below.
 
Answer Stats
State Team % Correct
CO Air Force
92%
NY Army | Buffalo | Syracuse
92%
AL Auburn | Jacksonville State | Troy
92%
TX Baylor | Houston | Rice | Sam Houston | Southern Methodist
92%
ID Boise State
92%
UT Brigham Young
92%
IL Northwestern
92%
OK Tulsa
92%
OH Akron | Bowling Green | Cincinatti | Kent State | Miami | Toledo
85%
NC Appalachian State | Charlotte | Duke | Wake Forest
85%
IN Ball State | Notre Dame | Purdue
85%
MA Boston College
85%
CA Fresno State | Sacramento State | San Diego State | San Jose State | Stanford
85%
VA James Madison | Old Dominion | Liberty
85%
TN Memphis | Vanderbilt
85%
FL Miami
85%
MD Navy
85%
PA Temple | Pittsburgh
85%
LA Tulane
85%
SC Clemson
77%
KY Louisville
77%
WV Marshall
77%
NJ Rutgers
77%
GA Kennesaw State
62%
No matching quizzes found
Score Distribution
Percent of People with Each Score
Percentile by Number Answered
Your Score History
You have not taken this quiz